<?xml version="1.0" encoding="UTF-8"?>
<record
    xmlns:xsi="http://www.w3.org/2001/XMLSchema-instance"
    xsi:schemaLocation="http://www.loc.gov/MARC21/slim http://www.loc.gov/standards/marcxml/schema/MARC21slim.xsd"
    xmlns="http://www.loc.gov/MARC21/slim">

  <leader>01694nam a2200193 a 4500</leader>
  <controlfield tag="008">190917e1980    sp  |||g |||| 001 0 spa d</controlfield>
  <datafield tag="020" ind1=" " ind2=" ">
    <subfield code="a">8401302951</subfield>
  </datafield>
  <datafield tag="041" ind1=" " ind2=" ">
    <subfield code="a">spa</subfield>
  </datafield>
  <datafield tag="092" ind1=" " ind2=" ">
    <subfield code="c">808</subfield>
    <subfield code="l">30</subfield>
    <subfield code="s">GRE</subfield>
  </datafield>
  <datafield tag="100" ind1="1" ind2=" ">
    <subfield code="a">Green, Gerald</subfield>
    <subfield code="9">4320</subfield>
  </datafield>
  <datafield tag="245" ind1=" " ind2=" ">
    <subfield code="a">M&#xE9;dicos y traficantes /</subfield>
    <subfield code="c">Jonathan Swift</subfield>
  </datafield>
  <datafield tag="250" ind1=" " ind2=" ">
    <subfield code="a">1a ed.</subfield>
    <subfield code="b">Traducci&#xF3;n J. Ferrer Aleu</subfield>
  </datafield>
  <datafield tag="260" ind1=" " ind2=" ">
    <subfield code="a">Barcelona:</subfield>
    <subfield code="b">Plaza &amp; Janes;</subfield>
    <subfield code="c">1980.</subfield>
  </datafield>
  <datafield tag="300" ind1=" " ind2=" ">
    <subfield code="a">508 p.</subfield>
  </datafield>
  <datafield tag="500" ind1=" " ind2=" ">
    <subfield code="a">Green, G. (1980). M&#xE9;dicos y traficantes. (1a ed.). Barcelona : Plaza &amp; Janes.</subfield>
  </datafield>
  <datafield tag="505" ind1=" " ind2=" ">
    <subfield code="a">Trata esta novela del ejercicio de la profesi&#xF3;n m&#xE9;dica en el este de los Estados Unidos, considerada en su doble y, a menudo, antit&#xE9;tica vertiente de negocio y de asistencia al pr&#xF3;jimo con entrega vocacional. En ambos casos nos encontramos con excelentes profesionales de la Medicina; pero mientras a los primeros les interesa particularmente el dinero, los segundos miran, sobre todo, al ser que padece, al enfermo que se ha de curar, sin importar mucho los emolumentos que tal servicio humanitario, pueda aportarles. Ambas tendencias est&#xE1;n representadas, respectivamente, por Kevin y Joe Derry, hermanos m&#xE9;dicos, que son los principales protagonistas de la obra. Junto al tema central se desarrollan acciones secundarias llenas de coloridos, como la actuaci&#xF3;n de los hermanos Demelio, que, con su negocio de recogida de basura, encubren actividades clandestinas de apuestas y de tr&#xE1;fico con objetos robados; vendettas entre clanes de los barrios bajos; escenas de hospital, llenas de dramatismo. Un cuadro, en fin, de una sector de la sociedad, en el que se combinan un sinn&#xFA;mero de elementos de acusado realismo. </subfield>
  </datafield>
  <datafield tag="655" ind1=" " ind2=" ">
    <subfield code="a">Literatura</subfield>
    <subfield code="9">2917</subfield>
  </datafield>
  <datafield tag="942" ind1=" " ind2=" ">
    <subfield code="2">ddc</subfield>
    <subfield code="c">LIT</subfield>
  </datafield>
  <datafield tag="999" ind1=" " ind2=" ">
    <subfield code="c">3271</subfield>
    <subfield code="d">3271</subfield>
  </datafield>
  <datafield tag="952" ind1=" " ind2=" ">
    <subfield code="0">0</subfield>
    <subfield code="1">0</subfield>
    <subfield code="2">ddc</subfield>
    <subfield code="4">0</subfield>
    <subfield code="7">0</subfield>
    <subfield code="a">BFM</subfield>
    <subfield code="b">BFM</subfield>
    <subfield code="c">CR</subfield>
    <subfield code="d">2025-05-21</subfield>
    <subfield code="e">Donaci&#xF3;n Mayo 2025. Hern&#xE1;ndez, Lucas Joaqu&#xED;n.</subfield>
    <subfield code="l">0</subfield>
    <subfield code="o">808 30 GRE</subfield>
    <subfield code="p">5036</subfield>
    <subfield code="r">2025-05-22</subfield>
    <subfield code="t">Ej. 1</subfield>
    <subfield code="w">2025-05-22</subfield>
    <subfield code="y">LIT</subfield>
    <subfield code="z">Donaci&#xF3;n Mayo 2025. Hern&#xE1;ndez, Lucas Joaqu&#xED;n. Sede Tordos.</subfield>
    <subfield code="f"></subfield>
  </datafield>
</record>
